Quizzes
Events
Quiz Creation
Community
Videos
Private Events
Remove Ads
Sign In
Join for FREE
Feedback
Dark Mode
Quiz Categories
Sports
Geography
Music
Movies
Television
Just For Fun
Miscellaneous
History
Literature
Language
Science
Gaming
Entertainment
Religion
Holiday
For Kids
Quiz Lab
Recent
Popular Today
Quiz Kudos Today
Editor Picks
Curator Picks
Quizzes by...
Day
Popularity
Type
Ratings
Length
Year
Community
Subscriptions
Recent Discussions
Orange Saloon
Badges
Playlists
Quests
Create
Leaderboards
Showdown
Live 5
Trivia Bingo
Activity
Puzzle Library
Sporcle Events
Private Events
Virtual Trivia
Globe League
Become a Host
Pub Owners
SporcleCon
Opinionation
Our Games
Videos
Blog
Mobile Apps
Partnerships
Remove Ads and Go Orange
Feedback
Sports
Athletes
MLB
NBA
NHL
NFL
Soccer
Sports Teams
WWE
NCAA
Football
Premier League
Basketball
Baseball
Hockey
Golf
Tennis
Cricket
Rugby
Auto Racing
Olympics
World Cup
Sports
Athletes
MLB
NBA
NHL
NFL
Soccer
Sports Teams
WWE
NCAA
Football
Premier League
Basketball
Baseball
Hockey
Golf
Tennis
Cricket
Rugby
Auto Racing
Olympics
World Cup
Random Quiz
Search Sporcle
×
Featured
Featured
Sports
Basketball
Type in answers that appear in a list
Type in answers that appear in a list
Classic
Best Score? Go Orange.
FIBA Basketball World Cup Stats
Can you name the top 4 teams of each FIBA Basketball World Cup?
By
Sheldon
5m
76 Questions
25.8K Plays
25,753 Plays
25,753 Plays
Comments
Comments
Give Quiz Kudos
Give Quiz Kudos
-
- Ratings
hide this ad
More Info
Replay
Link that replays current quiz
Next Quiz
Link to next quiz in quiz playlist
You Got
0%
They Got
Avg Score
74%
Avg Friend Score
Upgrade to see
Score Distribution
Jump to the score distribution portion of the page
Score
0/76
Timer
05:00
6
Plays Today
% Correct
United States
99.8%
United States
99.5%
United States
99.5%
United States
99.5%
United States
99.5%
United States
99.5%
United States
99.5%
United States
99.5%
United States
99.5%
United States
99.5%
United States
99.5%
United States
99.5%
United States
99.5%
United States
99.5%
United States
99.5%
Spain
95.9%
Spain
95.9%
Spain
95.8%
Germany
93%
Canada
93%
France
92.5%
France
92.1%
France
92%
Argentina
89.3%
Argentina
89.3%
Argentina
89.3%
Argentina
89.1%
Germany
86.2%
Brazil
85.3%
Brazil
85.3%
Brazil
85.3%
Brazil
85.3%
Brazil
85.3%
Brazil
85.3%
Brazil
85.3%
Brazil
85.3%
Russia
84.3%
Russia
84.3%
% Correct
Serbia
82.7%
Australia
81.1%
Serbia
79%
Serbia
78.9%
Soviet Union
78.5%
Soviet Union
78.5%
Soviet Union
78.5%
Soviet Union
78.5%
Soviet Union
78.5%
Soviet Union
78.5%
Soviet Union
78.5%
Soviet Union
78.5%
Italy
78%
Italy
78%
Greece
73.8%
Greece
73.8%
Greece
73.8%
Yugoslavia
72.3%
Yugoslavia
72.3%
Yugoslavia
72.3%
Yugoslavia
72.3%
Yugoslavia
72.3%
Yugoslavia
72.3%
Yugoslavia
72.3%
Yugoslavia
72.3%
Yugoslavia
72.3%
Yugoslavia
72.3%
Croatia
66.2%
Lithuania
63.8%
Lithuania
63.6%
Turkey
62.2%
New Zealand
47.8%
Chile
40.1%
Chile
40.1%
Cuba
37.6%
Puerto Rico
29.5%
Philippines
18.2%
Formosa
10.7%
Quiz Playlist
Details
Report
Send in Message
Add To Playlist
More Info:
Includes former countries.
Classic:
Type in answers that appear in a list
Last Updated: Jun 6, 2022
Featured
Quiz Scoreboard
CHALLENGE
Sign Up to Join the Scoreboard
Show All
Scores
Hide
Comments
May contain spoilers
Recently Published
Billboard Blitz: Fleetwood Mac
by CooCooCachoo
Music
15s
Presidents Visiting Landmarks
by Hejman
History
7m
An Introduction to Baseball
by treessimontrees
Sports
5m
More to Explore
Quiz From the Vault
Featured Blog Post
Where Did the Easter Bunny Come From?
hide this ad
You Might Also Like...
Tags
Basketball Quiz
World Cup Quiz
Championship
fiba
National Team
team
Today's Top Quizzes in Sports
Browse Sports
hide this ad
Today's Top Quizzes in Basketball
Browse Basketball
Top Contributed Quizzes in Sports
1
Les meilleurs buteurs des matchs entre le PSG et l’OM
2
2022 World Cup Stars
3
FIFA Club World Cup Champions
4
Les entraîneurs de l'OM et du PSG au 21e siècle
5
Criteria MLB: Left Handed Sluggers
6
Name the Premier League winners with different clubs
7
5-to-1: UK Sports Teams
8
AFC Teams Reveal (Wrong Answers Minefield)
9
Players with Multiple 50 Home Run Seasons
10
5-to-1: FBS Animal Nicknames
Explore More
Trending Topics
Anime
Crossword
Marvel
Disney
Harry Potter
Kpop
NBA
Soccer
Song
WWE
Country
NFL
The Office
Pokémon
Puzzle
hide this ad
More By:
Sheldon
Quiz
Plays
Rating
Category
Featured
Created
World Champion Countries
162,755
4.55
Sports
Jun 12, 2010
Easter Eggs
138,385
4.64
Holiday
Apr 7, 2014
Top Grossing 'C' Movies Before 2020
122,993
4.46
Movies
Dec 16, 2013
Top Grossing 'A' Movies Before 2020
122,417
4.57
Movies
Dec 15, 2013
Top Grossing 'B' Movies Before 2020
122,414
4.64
Movies
Dec 15, 2013
Go to Creator's Profile
Score Distribution
Quiz Creator Spotlight
Sheldon
Follow
Send a Message
Quizzes Created
-
Created Quiz Play Count
-
More By This Creator
Popular Quizzes Today
1
Find the US States - No Outlines Minefield
2
Find the Countries of Europe - No Outlines Minefield
3
The Countries of the World
4
Find the US States
5
Risky Map Clicking: Biggest States A-Z
6
US States
7
Popular People in 1961
8
Movies - When Are They Set?
More Sports Quizzes
ICW Champions
Quiz Lab
Trending Quizzes
Risky Map Clicking: Least Populous States A-Z
1-10 Letter G Words
1-10 Letter F Words
Risky Map Clicking: Next State Alphabetically
Risky Map Clicking: Biggest States A-Z
Recently Updated
Leaping Animals
pecheneg
Reality TV Shows (A-Z)
bhenderson79
Rickey Henderson's Hall of Fame Teammates
pecheneg
Champions League XIs: Arsenal
pecheneg
Quick Pick: Celebrities in WWE's Hall of Fame
aduchscher
A-Z Keypad Blitz II
pecheneg
Multiple Oscar Actors
pecheneg
Mystery Phrase Blitz: Oscar 'Best Actors'
pecheneg
F. Scott Fitzgerald Novels
LTH
Pick 3 Villains
ddd62291
Trending Topics
Harry Potter
Disney
Crossword
Kpop
Anime
Marvel
NBA
Soccer
Pokémon
NFL
Country
The Office
WWE
Puzzle
Song
Your Account Isn't Verified!
In order to create a playlist on Sporcle, you need to verify the email address you used during registration. Go to your
Sporcle Settings
to finish the process.
Report this User
Report this user for behavior that violates our
Community Guidelines
.
Details:
Send Report
Go to the Sporcle.com Mobile Site →
Comments